Going west (Record no. 79969)
[ view plain ]
| 000 -LEADER | |
|---|---|
| fixed length control field | 01093cab a22002175a 4500 |
| 001 - CONTROL NUMBER | |
| control field | L142901 |
| 008 - FIXED-LENGTH DATA ELEMENTS--GENERAL INFORMATION | |
| fixed length control field | 080318s2008 xxk f 000 0 eng d |
| 035 ## - SYSTEM CONTROL NUMBER | |
| System control number | (Sirsi) u142901 |
| 041 0# - LANGUAGE CODE | |
| Language code of text/sound track or separate title | eng |
| 100 1# - MAIN ENTRY--PERSONAL NAME | |
| Personal name | Menary, Steve |
| 245 00 - TITLE STATEMENT | |
| Title | Going west |
| 260 ## - PUBLICATION, DISTRIBUTION, ETC. | |
| Date of publication, distribution, etc. | 2008 |
| 490 ## - SERIES STATEMENT | |
| Series statement | Housebuilder |
| Volume/sequential designation | 67(2) March 2008, 20-21(2) |
| 520 ## - SUMMARY, ETC. | |
| Summary, etc. | Reports on the effects of the continued spread of the planning moratorium into the West Midlands. Argues that English Partnerships' policies of releasing large areas of brownfield land are skewing development contracts towards large national companies. Smaller local developers are seen to be suffering. Agreements made under the Town and Country Planning Act 1990 s106 are compounding the problem. Reports a desire for implementation of some mitigating measures which were suggested by the Callcutt Review (L141426). |
| 590 ## - LOCAL NOTE (RLIN) | |
| Local note | KA |
| 650 24 - SUBJECT ADDED ENTRY--TOPICAL TERM | |
| Topical term or geographic name entry element | TOWN AND COUNTRY PLANNING ACT 1990 S106 |
| 651 #4 - SUBJECT ADDED ENTRY--GEOGRAPHIC NAME | |
| Geographic name | West Midlands |
| 690 ## - LOCAL SUBJECT ADDED ENTRY--TOPICAL TERM (OCLC, RLIN) | |
| Topical term or geographic name as entry element | Planning and development |
| 9 (RLIN) | 6259 |
| 690 ## - LOCAL SUBJECT ADDED ENTRY--TOPICAL TERM (OCLC, RLIN) | |
| Topical term or geographic name as entry element | PROPERTY-RESIDENTIAL PROPERTY-RESIDENTIAL PROPERTY MARKET |
| 942 ## - ADDED ENTRY ELEMENTS (KOHA) | |
| Suppress in OPAC | 0 |
| Withdrawn status | Lost status | Source of classification or shelving scheme | Damaged status | Not for loan | Home library | Current library | Shelving location | Date acquired | Total Checkouts | Full call number | Barcode | Date last seen | Copy number | Price effective from | Koha item type |
|---|---|---|---|---|---|---|---|---|---|---|---|---|---|---|---|
| Dewey Decimal Classification | London | London | Journal article | 18/03/2008 | L142901 | 142901-1001 | 06/08/2019 | 1 | 06/08/2019 | Journal article |